| 000 | 01123nam a2200277 i 4500 | ||
|---|---|---|---|
| 001 | 000048395 | ||
| 003 | DO-SdBNP | ||
| 005 | 20260325110636.0 | ||
| 007 | ta | ||
| 008 | 190221s2016 dr abdj 000 m spa d | ||
| 040 |
_aDO-SdBNP _bspa _cBNPHU _erda |
||
| 041 | _aspa | ||
| 082 | 4 |
_axxx _bxxx _222 |
|
| 110 | 1 |
_aRepública Dominicana. _bOficina Nacional de Estadística _95775 |
|
| 245 | 1 | 0 |
_aPrecenso nacional agropecuario 2015 : _binforme de resultados. |
| 246 | 1 | 0 | _aOctavo Censo Nacional Agropecuario |
| 264 | 1 |
_aSanto Domingo : _bONE, _c2016. |
|
| 300 |
_a202 páginas : _bilustraciones, mapas, gráficos ; _c28 cm. |
||
| 336 |
_atexto _btxt _2rdacontent |
||
| 337 |
_asin mediación _bn _2rdamedia |
||
| 338 |
_avolumen _bnc _2rdacarrier |
||
| 505 | 0 |
_aGeneralidades -- _tAspectos operacionales y metodológicos -- _tResultados precensales -- _tInstrumentos usados en la recolección de información -- _tConceptos básicos asociados al Precenso Nacional Agropecuario 2015 -- _tAnexos. |
|
| 590 | _aInventariado, 2019/LP | ||
| 710 | 1 | 2 |
_aRepública Dominicana. _bOficina Nacional de Estadística _95775 |
| 942 |
_2ddc _cLBS1 |
||
| 999 |
_c47883 _d47883 |
||